Responses for Show #4650 - Friday, November 19, 2004

2004 College Championship semifinal game 3.

Contestants

[<< previous game]

Lindsey Hargrove, a senior at the University of Texas from Bellaire, Texas

Kelley Burd, a junior at West Virginia University from Bristol, West Virginia

Kermin Fleming, a junior at Carnegie Mellon University from Lexington, Kentucky

[next game >>]

Jeopardy! Round responses

THE BODY HUMAN
CELEBS
AMERICANA
DRIVING THE GREEN
BEWITCHED
THE "O.C."
    $200 1
(Lindsey: What is a tendon?)

muscle

KelleyLindsey
    $200 6
Nicole Richie

Kelley
    $200 16
corn

Kermin
    $200 8
Honda

Kermin
    $200 15
Hansel & Gretel

Kermin
    $200 20
opening ceremony

Kermin
    $400 2
brain

Kermin
    $400 7
Andy Roddick

Kermin
    $400 17
Statue of Liberty

Kermin
    $400 9
Toyota

Kermin
    $400 22
Salem

Kelley
    $400 26
Oklahoma City

Lindsey
    $600 3
(Kelley: What-is-a-[*]-THE-BODY-HUMAN-for-$800. [All in one breath and without letting Alex announce she was right])

cuticle

Kelley
    $600 12
Kate Hudson

Lindsey
    $600 18
Super Size

Kelley
    $600 10
Nissan

Kermin
    $600 23
cat

Kermin
    $600 27
the Oedipus complex

Kelley
    $800 4
(Kermin: What is dentine?)

enamel

KerminKelley
    $800 13
Carson

Lindsey
    $800 19
Louisiana Purchase

Lindsey
    $800 11
Ford

Lindsey
    $800 24
coven

Kermin
    $800 28
Odd Couple

Kermin
    $1000 5
platelets

Kelley
    $1000 14
(Lindsey: Who is Heidi Klum?)

Rebecca Romijn-Stamos

Lindsey
Triple Stumper
    $1000 21
saddle shoe

Kelley
    $1000 30
General Motors

Kermin
    $1,000 25
Young Goodman Brown

Kermin
    $1000 29
Oliver Cromwell

Kermin

Scores at the first commercial break (after clue 15):

Kermin Kelley Lindsey
$1,400 $2,800 $1,000

Scores at the end of the Jeopardy! Round:

Kermin Kelley Lindsey
$7,400 $5,400 $2,200

Double Jeopardy! Round responses

THE RENAISSANCE
BEFORE & AFTER
COLLEGE NEWSPAPERS
(Alex: We want you to name the school each is affiliated with.)
RUSSIAN AROUND
WHAT UP, DOG?
BASKETBALL WITH COACH DIXON
(Alex: ...who is the coach of the Panthers basketball team here at the University of Pittsburgh.)
    $400 11
Italy

Kermin
    $400 25
Vin Diesel Engine

Lindsey
    $400 16
UCLA

Kelley
    $400 20
Ivan the Terrible

Kelley
    $400 1
Dingo

Lindsey
    $400 6
the press

Kermin
    $800 12
(Kelly: Who is Moliere?)

Rabelais

KerminKelley
    $800 26
Linkin Park Place

Lindsey
    $800 17
University of North Carolina

Kelley
    $800 21
Nicholas II

Kermin
    $800 2
the German shepherd

Lindsey
    $800 7
pick and roll

Kermin
    $2,000 13
El Greco

Kermin
    $1200 28
Star Wars of the Roses

Kelley
    $1200 18
University of South Carolina

Lindsey
    $1200 22
Catherine the Great

Kermin
    $1200 3
the whippet

Lindsey
    $1200 8
(Alex: What do you tell those people? [*]! That's what you tell 'em. It's also the play.)

clear out

Triple Stumper
    $1600 14
Erasmus

Kermin
    $1600 27
Whoopi Goldberg Variations

Kermin
    $1600 19
Georgetown

Kermin
    $1600 23
Lenin

Kermin
    $2,000 4
the beagle

Lindsey
    $1600 9
(Kelly: What is a no-look pass?)

an outlet pass

Kelley
Triple Stumper
    $2000 15
Thomas More

Kermin
    $2000 29
John Marshall Mathers

Kelley
    $2000 30
NYU

Kermin
    $2000 24
Brezhnev

Kermin
    $2000 5
Afghan

Kermin
    $2000 10
(Alex: He's talking about [*]. [*] is what I get at the hair salon. Doesn't look that good anymore.)

the weave

Triple Stumper

Scores at the end of the Double Jeopardy! Round:

Kermin Kelley Lindsey
$28,200 $7,800 $9,000
(lock game)

[wagering suggestions for these scores]

Final Jeopardy! Round responses

FAMOUS WOMEN
KelleyWho is Sandra Day O'Connor
$7,800
LindseyWho is Ruth Bader Ginsberg
$8,998
KerminWho is Sandra O'Connor
$1,041
Sandra Day O'Connor

Final scores:

Kermin Kelley Lindsey
$29,241 $15,600 $2
Finalist 2nd place: $10,000 3rd place: $10,000

Game dynamics:

Coryat scores:

Kermin Kelley Lindsey
$27,400 $7,800 $8,600
30 R
(including 2 DDs),
1 W
14 R,
2 W
12 R
(including 1 DD),
2 W

Combined Coryat: $43,800

[game clues] [game scores] [suggest correction]

Game tape date: 2004-10-10
The J! Archive is created by fans, for fans. Scraping, republication, monetization, and malicious use prohibited; this site may use cookies and collect identifying information. See terms. The Jeopardy! game show and all elements thereof, including but not limited to copyright and trademark thereto, are the property of Jeopardy Productions, Inc. and are protected under law. This website is not affiliated with, sponsored by, or operated by Jeopardy Productions, Inc. Join the discussion at JBoard.tv.